000 02312nam a22003857a 4500
003 OSt
005 20260416132003.0
008 260415t2021 xxu||||| |||| 00| 0 spa d
020 _a9783030659479
020 _a9783030659462
040 _aUnicoc
_bspa
_c00001
_d00001
082 _a617.692
100 _912962
_aGalante, Jorge M.
245 _aOdontología digital implantología
_b: Desde la planificación del tratamiento hasta la cirugía guiada
_c/ Jorge M. Galante, Nicolás A. Rubio
250 _a1 Ed.
260 _aSuiza :
_bSpringer ,
_c2021
300 _a211 páginas
_bIlustraciones, diagramas, tablas, gráficas
500 _aIncluye Referencias bibliográficas
505 _tParte I. Flujo de trabajo digital en cirugía dental :
_tCAI: Imágenes asistidas por computadora. --
_tCAD: Diseño asistido por ordenador. --
_tCAM: Fabricación asistida por ordenador. --
_tParte II. Cirugía guiada en implantología. --
_tPlantillas. --
_tSistemas de perforación de implantes. --
_tColocación del implante, evaluación de la precisión y revisión de la literatura. --
_tSistema de navegación para implantes: Cirugía guiada dinámica. --
_tParte III. Regeneración ósea guiada. --
_tAplicaciones clínicas de las tecnologías digitales para procedimientos regenerativos combinados. --
_tCirugía reconstructiva digital. --
_tParte IV. Cirugía maxilofacial guiada. --
_tPlanificación virtual 3D en cirugía ortognática.
526 _5Unicoc
546 _aEspañol
650 0 _911097
_aOdontología digital
650 0 _912964
_aImplantología dental digital
650 0 _9155
_aImplantología
_vSistemas tecnológicos
650 0 _9160
_aSISTEMAS CAD/CAM
650 0 _94197
_aCirugía maxilofacial
_xHerramientas tecnológicas
658 0 _98073
_aEspecialización en Prostodoncia
658 0 _911722
_aEspecialización en Ortodoncia y Ortopedia Maxilar
658 0 _98072
_aEspecialización en Periodoncia
658 0 _98074
_aEspecialización en Rehabilitación Oral
658 0 _98315
_aPrograma de Odontología
700 _912963
_aRubio, Nicolas A.
856 _yAcceso online exclusivo para comunidad Unicoc.
_uhttps://unicoceduco-my.sharepoint.com/:b:/g/personal/direccionbiblioteca_unicoc_edu_co/IQAa2gGZe1PgQoCrGZFUzPRoAcwsZkmaKnRDsr9AvMpScVw
942 _2ddc
_cEBOOK
999 _c10856
_d10856